Nouveau commentaire biblique / (Record no. 113276)

MARC details
000 -LEADER
campo de control de longitud fija 00623nam a2200217 i 4500
001 - NÚMERO DE CONTROL
campo de control 113276
003 - IDENTIFICADOR DE NÚMERO DE CONTROL
campo de control ES-MaACL
005 - FECHA Y HORA DE LA ÚLTIMA TRANSACCIÓN
campo de control 20250818235743.0
007 - CAMPO FIJO DE DESCRIPCIÓN FÍSICA--INFORMACIÓN GENERAL
campo de control de longitud fija t|
008 - DATOS DE LONGITUD FIJA--INFORMACIÓN GENERAL
campo de control de longitud fija 070221s1978 sz ||||1| fre d
020 ## - NÚMERO INTERNACIONAL ESTÁNDAR DEL LIBRO
Número Internacional Estándar del Libro 2-8287-0006-2
080 ## - NÚMERO DE LA CLASIFICACIÓN DECIMAL UNIVERSAL
Número de la Clasificación Decimal Universal 22.06
245 00 - MENCIÓN DEL TÍTULO
Título Nouveau commentaire biblique /
Mención de responsabilidad, etc. publié sous la direction de: D. Guthrie.
260 ## - PUBLICACIÓN, DISTRIBUCIÓN, ETC.
Lugar de publicación, distribución, etc. Saint-Legier :
Nombre del editor, distribuidor, etc. Emmaus,
Fecha de publicación, distribución, etc. [1978]
300 ## - DESCRIPCIÓN FÍSICA
Extensión XVI, 1378 p. ;
Dimensiones 23 cm.
500 ## - NOTA GENERAL
Nota general Biblioteca Jacinto Martínez Lacalle.
700 1# - ENTRADA AGREGADA--NOMBRE PERSONAL
Nombre de persona Guthrie, D.
9 (RLIN) 61036
730 00 - ASIENTO SECUNDARIO--TITULO UNIFORME
Título uniforme Biblia
9 (RLIN) 119237
852 ## - LOCALIZACIÓN
Ubicación ES-MaACL
Número de control de estantería E-11592
Sublocalización o colección R.139801
Holdings
Estatus retirado Estado de pérdida Estado de daño No para préstamo Biblioteca de origen Biblioteca actual Ubicación en estantería Fecha de adquisición Fuente de adquisición Total de préstamos Signatura topográfica completa Código de barras Visto por última vez Precio de reemplazo Tipo de ítem Koha
        Biblioteca del Ateneo de Madrid Biblioteca del Ateneo de Madrid Depósito 2 17/01/2008     E-11592 1118150 23/02/2023 23/02/2023 Libro impreso